Biotechnology and sustainable crop production in Zimbabwe / (Registro nro. 1913)

Detalles MARC
000 -CABECERA
Campo de control 00879nam a22002297a 4500
005 - FECHA Y HORA DE LA ULTIMA TRANSACCION
Campo de control 20160913114657.0
008 - ELEMENTOS DE LONGITUD FIJA—INFORMACION GENERAL
Campo de control 960617s1995 fr b i000 0 eng d
040 ## - FUENTE DE CATALOGACIÓN
Agencia catalogadora original DNAL
Agencia transcriptora DNAL
Agencia Modificadora DLC
-- CO-BoIAVH
041 0# - IDIOMA
Código de idioma para texto/pista de sonido o título separado Inglés
Código de idioma del sumario o resumen/título o subtítulo sobreimpreso fre
044 ## - PAÍS DE PUBLICACIÓN
País de publicación Colombia
082 04 - NUMERO DE CLASIFICACION DECIMAL DEWEY
Número de clasificación 660.6
Número del ítem W88b
100 1# - ASIENTO PRINCIPAL--NOMBRE PERSONAL
Nombre personal Woodend, John J.
9 (RLIN) 65717
245 10 - MENCION DE TITULO
Título Biotechnology and sustainable crop production in Zimbabwe /
Mención de responsabilidad John J. Woodend
260 ## - PUBLICACION, DISTRIBUCION, ETC. (PIE DE IMPRENTA)
Lugar de publicación, distribución, etc. Paris :
Nombre del editor, distribuidor, etc. Organisation for Economic Co-operation and Development,
Fecha de publicación, distribución, etc. 1995.
300 ## - DESCRIPCION FISICA
Extensión 79 páginas ;
Dimensiones 30 x 21 centímetros
490 0# - MENCION DE SERIE
Mención de serie OECD Technical papers ;
Designación numérica/secuencial del volumen 109
504 ## - NOTA DE BIBLIOGRAFIA, ETC.
Nota de bibliografía Incluye referencias bibliográficas (páginas 69-74).
650 16 - ASIENTO SECUNDARIO DE MATERIA - TERMINO TEMATICO
Término temático o nombre geográfico como elemento de entrada Agricultura sostenible
Subdivisión geográfica Zimbabwe.
9 (RLIN) 65718
650 26 - ASIENTO SECUNDARIO DE MATERIA - TERMINO TEMATICO
9 (RLIN) 65719
Término temático o nombre geográfico como elemento de entrada Biotecnología vegetal
Subdivisión geográfica Zimbabwe.
710 2# - ASIENTO SECUNDARIO - NOMBRE CORPORATIVO
Nombre corporativo o de jurisdicción como elemento de entrada Organisation for Economic Co-operation and Development.
Unidad subordinada Development Centre.
9 (RLIN) 65720
942 ## - ELEMENTOS ADICIONALES (KOHA)
Sistema de clasificación Dewey Decimal Classification
Tipo de ítem Libro
Existencias
Withdrawn status Lost status Sistema de Clasificación Damaged status No para préstamo Colección Inventariado Ubicación Permanente Ubicación actual Fecha de adquisición Fuente de Valor Valor Total Checkouts Número topográfico Inventario / Código de Barras Date last seen Ejemplar Price effective from Forma de adquisición Tipo de material
    Dewey Decimal Classification     General Inventariado 2017 Bogotá Bogotá 25/01/2001 Instituto 39000.00   LB-660.6 W88b 002388 04/12/2012 Ej. 1 04/12/2012   Libro